ბათუმის შოთა რუსთაველის სახელმწიფო უნივერსიტეტის ბიბლიოთეკა

Черкесские дневники / (ბიბ.ჩანაწერი № 61097)

000 -LEADER
fixed length control field 00898nam a22002297a 4500
005 - DATE AND TIME OF LATEST TRANSACTION
control field 20231219120933.0
008 - FIXED-LENGTH DATA ELEMENTS--GENERAL INFORMATION
fixed length control field 231219s2007 ru ||||| |||| 00| 0 rus d
020 ## - INTERNATIONAL STANDARD BOOK NUMBER
International Standard Book Number 9941400094
041 ## - LANGUAGE CODE
Language code of text/sound track or separate title rus
080 ## - UNIVERSAL DECIMAL CLASSIFICATION NUMBER
Universal Decimal Classification number 94(470.631)+811.352.3'373 Д-40
100 ## - MAIN ENTRY--PERSONAL NAME
Personal name Джанашиа, Симон
9 (RLIN) 20784
245 ## - TITLE STATEMENT
Title Черкесские дневники /
Statement of responsibility, etc. Симон Джанашиа.
264 ## - PRODUCTION, PUBLICATION, DISTRIBUTION, MANUFACTURE, AND COPYRIGHT NOTICE
Place of production, publication, distribution, manufacture Тбилиси :
Name of producer, publisher, distributor, manufacturer Кавказский дом,
Date of production, publication, distribution, manufacture, or copyright notice 2007.
300 ## - PHYSICAL DESCRIPTION
Extent 265 с.:
Other physical details ил.;
Dimensions 21 см.
653 ## - INDEX TERM--UNCONTROLLED
keyword ადიღეური ენა
653 ## - INDEX TERM--UNCONTROLLED
keyword ლექსიკოლოგია და ლექსიკოგრაფია
653 ## - INDEX TERM--UNCONTROLLED
keyword ჩერქეზები
653 ## - INDEX TERM--UNCONTROLLED
keyword ეთნოგრაფია
653 ## - INDEX TERM--UNCONTROLLED
keyword ქართველური ენები
653 ## - INDEX TERM--UNCONTROLLED
keyword ქართული ტოპონიმიკა
942 ## - ADDED ENTRY ELEMENTS (KOHA)
Source of classification or shelving scheme
Koha item type წიგნი
ეგზემპლარები
Withdrawn status Lost status Source of classification or shelving scheme Damaged status Not for loan Permanent Location Current Location Shelving location Date acquired Cost, normal purchase price Full call number Barcode Date last seen Copy number Uniform Resource Identifier Price effective from Koha item type Public note
          ბათუმის შოთა რუსთაველის სახელმწიფო უნივერსიტეტის მთავარი ბიბლიოთეკა ბათუმის შოთა რუსთაველის სახელმწიფო უნივერსიტეტის მთავარი ბიბლიოთეკა წიგნსაცავი 2023-12-19 8.00 94(470.631)+811.352.3'373 Д-40 65609 2023-12-19 65609 ბსუ-ს საპატიო დოქტორის გურამ ლორთქიფანიძის საჩუქარი 2023-12-19 წიგნი 8 ლ.